000 00782nam a2200229 i 4500
001 51589
003 ES-MaACL
005 20250803063049.0
007 t|
008 030813s1982 sp |||| | spa d
100 1 _aDam, Cornelius Franz Adolf van,
_d1899-1972
_942548
245 1 0 _aGramática neerlandesa /
_cC.F.A. van Dam, H. Th. Oostendorp.
250 _a3ª ed.
_ba cargo de Hans Tromp y Enrique Bernárdez.
260 _aMadrid :
_bMinisterio de Educación y Ciencia,
_c1982.
300 _a296 p. ;
_c21 cm.
650 4 _aLengua holandesa-
_xGramática.
_9154825
700 1 _aTromp, Hans.
_9111491
700 1 _aBernárdez, Enrique,
_d1949-
_9161110
700 1 _aOostendorp, H. Th.
_987119
852 _aES-MaACL
_jL-4301
_bR.104948
999 _c51589
_d51589